| 000 | 00396nam a22001457a 4500 | ||
|---|---|---|---|
| 005 | 20240313110700.0 | ||
| 008 | 240313b |||||||| |||| 00| 0 eng d | ||
| 082 |
_a486 _bSUM-M |
||
| 100 | _aSumaira Sharif Toor. | ||
| 245 |
_aMuhabbat dhank rang ourh ker / _cSumaira Sharif Toor. |
||
| 260 |
_aPakistan : _b Al-Quraishi ; _c2015 . |
||
| 300 |
_a294 _c24 cm . |
||
| 650 | _aLiterature | ||
| 999 |
_c35347 _d35347 |
||